Taliansko-slovenský slovensko-taliansky slovník /

Gespeichert in:
Bibliographische Detailangaben
1. Verfasser: Košťál, Anton (Verfasst von)
Format: Buch
Sprache:Mehrsprachig
Veröffentlicht: Bratislava : Slovenské pedagogické nakladateľstvo, 1992
Ausgabe:2.vyd.
Tags: Tag hinzufügen
Keine Tags, Fügen Sie das erste Tag hinzu!

MARC

LEADER 00000nam a22000003a 4500
001 stu26751
005 20150617225739.5
008 920916s1992----cs------------------mul-d
020 |a 80-08-01468-7 
040 |a STU  |b slo 
041 0 |a mul 
044 |a cs 
080 |a 801.323.2=50=854 
100 1 |a Košťál, Anton  |4 aut 
245 1 |a Taliansko-slovenský slovensko-taliansky slovník /  |c [aut]Košťál,Anton 
250 |a 2.vyd. 
260 |a Bratislava :  |b Slovenské pedagogické nakladateľstvo,  |c 1992 
300 |a 879 s 
996 |b 284V028811  |c V*40801/O-17251a  |l VVT  |s A  |a 24  |w stu26751_0002